000 00530nam a22001577a 4500
005 20251108172333.0
008 250721s1947 xx 000 0 ara d
082 1 4 _a001.43/علي
100 1 _aالنشار، علي سامي
245 1 0 _aمناهج البحث عند مفكرى الإسلام و نقد المسلمين للمنطق الأرسطوطاليسي /
264 1 _aمصر :
_bدار الفكر العربي،
_c1947.
300 _a263ص
650 1 7 _aالبحث العلمي
942 _2ddc
_cBK
999 _c76556
_d76556